03174nas a2200433 i 4500001000700000003000400007005001700011007000300028008004100031040002800072041000800100100006100108245007600169264008400245300002300329336002700352337003400379338003000413362003300443500007500476520036700551650007400918650007000992650006901062942001501131952013201146952013201278952012801410952013301538952013301671952013301804952013301937952013302070952013302203952012902336952012902465952012902594999001702723255121AGN20260203143116.0ta260203e1955 dr |||p|r||||||0| |0spa d cAGNaDO-SdBNPbspaerda aspa1 aRodríguez Demorizi, Emilio,d1908-198691039edirector aRevista dominicana de cultura /cEmilio Rodríguez Demorizi, director. aCiudad Trujillo, República Dominicana :bEmilio Rodríguez Demorizi, c1955. avolumen ; c23 cm. atextobtxt2rdacontent asin mediación bn2rdamedia avolumen bnc 2rdacarrier aVol 1. No 1. noviembre 1955. aCatalogación basada en la numeración: Vol 1. No 1. noviembre 1955. aLa vida intelectual de un pueblo es la más pura prueba de su carácter y del grado de civilización alcanzado. Es en la obra de los escritores y poetas, en la de los artistas, connaturalizados con el tiempo que les ha tocado vivir, donde más patentemente se refleja la fuerza espiritual, fuerza de perennidad que traspasa las fronteras y vence al tiempo... 92834aLiteraturavPublicaciones periódicas zRepública Dominicana 7aCultura9351vPublicaciones periódicas zRepública Dominicana 0aArte928401vPublicaciones periódicas zRepública Dominicana cISSUE2ddc 00102ddc4055708SEaBNPHUbBNPHUd2026-02-03hVol 1. No 1. noviembre 1955l0p2026-0634r2026-02-03te.1w2026-02-03yISSUE 00102ddc4055708SEaBNPHUbBNPHUd2026-02-03hVol 1. No 2. diciembre 1955l0p2026-0635r2026-02-03te.1w2026-02-03yISSUE 00102ddc4055708SEaBNPHUbBNPHUd2026-02-03hVol 2. No 3. enero 1956l0p2026-0636r2026-02-03te.1w2026-02-03yISSUE 00102ddc4056708SEaBNPHUbBNPHUd2026-02-06h Vol 1. No 1. noviembre 1955l0p2026-0831r2026-02-06te.2w2026-02-06yISSUE 00102ddc4056708SEaBNPHUbBNPHUd2026-02-06h Vol 1. No 1. noviembre 1955l0p2026-0832r2026-02-06te.3w2026-02-06yISSUE 00102ddc4056708SEaBNPHUbBNPHUd2026-02-06h Vol 1. No 1. noviembre 1955l0p2026-0833r2026-02-06te.4w2026-02-06yISSUE 00102ddc4056708SEaBNPHUbBNPHUd2026-02-06h Vol 1. No 2. diciembre 1955l0p2026-0834r2026-02-06te.2w2026-02-06yISSUE 00102ddc4056708SEaBNPHUbBNPHUd2026-02-06h Vol 1. No 2. diciembre 1955l0p2026-0835r2026-02-06te.3w2026-02-06yISSUE 00102ddc4056708SEaBNPHUbBNPHUd2026-02-06h Vol 1. No 2. diciembre 1955l0p2026-0836r2026-02-06te.4w2026-02-06yISSUE 00102ddc4056708SEaBNPHUbBNPHUd2026-02-06h Vol 2. No 3. enero 1956l0p2026-0837r2026-02-06te.2w2026-02-06yISSUE 00102ddc4056708SEaBNPHUbBNPHUd2026-02-06h Vol 2. No 3. enero 1956l0p2026-0838r2026-02-06te.3w2026-02-06yISSUE 00102ddc4056708SEaBNPHUbBNPHUd2026-02-06h Vol 2. No 3. enero 1956l0p2026-0839r2026-02-06te.4w2026-02-06yISSUE c60198d60198